El aguacate (Record no. 27062)
[ view plain ]
| 000 -LEADER | |
|---|---|
| fixed length control field | 00637nam a22002297a 4500 |
| 001 - CONTROL NUMBER | |
| control field | SJDS |
| 003 - CONTROL NUMBER IDENTIFIER | |
| control field | SJDS |
| 005 - DATE AND TIME OF LATEST TRANSACTION | |
| control field | 20250113111850.0 |
| 008 - FIXED-LENGTH DATA ELEMENTS--GENERAL INFORMATION | |
| fixed length control field | 220610b mx ||||| |||| 00| 0 spa d |
| 020 ## - INTERNATIONAL STANDARD BOOK NUMBER | |
| International Standard Book Number | 9789682944819 |
| 020 ## - INTERNATIONAL STANDARD BOOK NUMBER | |
| International Standard Book Number | 9682944813 |
| 040 ## - CATALOGING SOURCE | |
| Transcribing agency | sjds |
| 041 ## - LANGUAGE CODE | |
| Language code of text/sound track or separate title | spa |
| 100 10 - MAIN ENTRY--PERSONAL NAME | |
| Personal name | Chavelas, Rosalia |
| 245 13 - TITLE STATEMENT | |
| Title | El aguacate |
| 246 ## - VARYING FORM OF TITLE | |
| Title proper/short title | El aguacate |
| 260 ## - PUBLICATION, DISTRIBUTION, ETC. (IMPRINT) | |
| Place of publication, distribution, etc. | Mexico, D.F. : |
| Name of publisher, distributor, etc. | Consejo Nacional para la Cultura y las Artes en coedicion con Sistemas Tecnicos de Edicion, |
| Date of publication, distribution, etc. | 1992 |
| 300 ## - PHYSICAL DESCRIPTION | |
| Extent | 21 pages : |
| Other physical details | color illustrations ; |
| Dimensions | 20 cm. |
| 440 ## - SERIES STATEMENT/ADDED ENTRY--TITLE | |
| Title | Frutos prodigiosos |
| 700 10 - ADDED ENTRY--PERSONAL NAME | |
| Personal name | Canales, Adriana |
| 942 ## - ADDED ENTRY ELEMENTS (KOHA) | |
| Koha item type | Libro/Book |
| Withdrawn status | Lost status | Damaged status | Not for loan | Home library | Current library | Shelving location | Date acquired | Inventory number | Total Checkouts | Full call number | Barcode | Date last seen | Price effective from | Koha item type | Checked out | Date checked out |
|---|---|---|---|---|---|---|---|---|---|---|---|---|---|---|---|---|
| Azul y Blanco -- Satellite | Azul y Blanco | 01/07/2022 | inventory date: 30/1/25 | 1 | JNC | 35201577 | 18/03/2026 | 01/07/2022 | Libro/Book | 22/04/2026 | 18/03/2026 | |||||
| Barbudos -- Satellite | Barbudos -- Satellite | 01/07/2022 | JNC | 35802029 | 01/07/2022 | 01/07/2022 | Libro/Book | |||||||||
| Capulin -- Satellite | Capulin -- Satellite | 01/07/2022 | Inventory date: 7/7/25 | JNC | 35102026 | 01/07/2022 | 01/07/2022 | Libro/Book | ||||||||
| Carrizal -- Satellite | Carrizal -- Satellite | 01/07/2022 | Inventory date: 13-1-25 | JNC | 3700444 | 01/07/2022 | 01/07/2022 | Libro/Book | ||||||||
| Las Brisas 1 -- Satellite | Las Brisas 1 -- Satellite | 01/07/2022 | JNC | 40002257 | 01/07/2022 | 01/07/2022 | Libro/Book | |||||||||
| Las Brisas 2 -- Satellite | Las Brisas 2 -- Satellite | 01/07/2022 | Inventory date: 7/4/25 | JNC | 40102252 | 01/07/2022 | 01/07/2022 | Libro/Book | ||||||||
| Las Marias -- Satellite | Las Marias -- Satellite | 01/07/2022 | inventory date: 30/1/25 | JNC | 3600434 | 01/07/2022 | 01/07/2022 | Libro/Book | ||||||||
| Las Pampas -- Satellite | Las Pampas -- Satellite | 01/07/2022 | inventory date: 17-1-25 | JNC | 35702033 | 01/07/2022 | 01/07/2022 | Libro/Book | ||||||||
| San Juan Del Sur -- Mobile | Las delicias | 09/08/2022 | 2 | 33016764 | 29/08/2023 | 09/08/2022 | Libro/Book | 03/10/2023 | 29/08/2023 | |||||||
| Monte Cristo -- Satellite | Monte Cristo -- Satellite | 01/07/2022 | JNC | 40202225 | 01/07/2022 | 01/07/2022 | Libro/Book | |||||||||
| San Jeronimo -- Satellite | San Jeronimo -- Satellite | 01/07/2022 | inventory date: 14-1-25 | JNC | 35902236 | 01/07/2022 | 01/07/2022 | Libro/Book | ||||||||
| San Juan Del Sur -- Biblioteca | San Juan Del Sur -- Biblioteca | Children's Area | 10/06/2022 | Inventory date: 15-5-25 | ESTANTE ESPANOL | 30028863 | 10/06/2022 | 10/06/2022 | Libro/Book | |||||||
| Genizero -- Satellite | San Juan Del Sur -- Biblioteca | 08/08/2022 | Checked out from 2023 - Jan 2025 | 1 | JNC | 35602012 | 28/06/2023 | 08/08/2022 | Libro/Book | 02/08/2023 | 28/06/2023 | |||||
| Zaragoza -- Satellite | Zaragoza -- Satellite | 01/07/2022 | JNC | 35502024 | 01/07/2022 | 01/07/2022 | Libro/Book |